| 000 | 00426nam a22001697a 4500 | ||
|---|---|---|---|
| 003 | MACL | ||
| 005 | 20150725160509.0 | ||
| 008 | 150725b xxu||||| |||| 00| 0 eng d | ||
| 040 | _cMACL | ||
| 041 | _aEnglish | ||
| 082 | _a330 | ||
| 100 |
_aGupta S.P _92386 |
||
| 245 | _aIndia Vision 2020 & Vision Documents Of Some States | ||
| 260 |
_aNew Delhi _bAcademic Foundation _c2003 |
||
| 650 |
_aEconomics _974 |
||
| 942 |
_2ddc _cBK |
||
| 999 |
_c50173 _d50173 |
||